[Event "Politiken Cup 2008"]
[Site "Helsingør DEN"]
[Date "2008.07.22"]
[Round "5.66"]
[White "Dvoretska, Olena"]
[Black "Botheim, Tor"]
[Result "1-0"]
[WhiteElo "2156"]
[BlackElo "1964"]
[PlyCount "61"]
[EventDate "2008.07.20"]
[EventType "swiss"]
[EventRounds "9"]
[EventCountry "DEN"]
[Source "lmi"]
[SourceDate "2008.07.20"]
[BlackTeam "1911"]

1. d4 Nf6 2. c4 g6 3. Nc3 Bg7 4. e4 d6 5. f4 O-O 6. Nf3 c5 7. d5 e6 8. Be2 exd5
9. cxd5 Re8 10. e5 dxe5 11. fxe5 Ng4 12. O-O Nxe5 13. Bf4 Nbd7 14. d6 Nxf3+ 15.
Bxf3 Ne5 16. Nb5 Nxf3+ 17. Qxf3 Rf8 18. Nc7 Rb8 19. Rae1 b5 20. Re7 Bb7 21. Qg3
Bf6 22. Rfe1 Bc6 23. Bh6 Bxe7 24. dxe7 Qd4+ 25. Be3 Qxb2 26. exf8=Q+ Rxf8 27.
Bxc5 Rd8 28. Bf2 Qxa2 29. Qc3 Qc4 30. Qf6 Rd2 31. Ne8 1-0

[Event "Politiken Cup 2008"]
[Site "Helsingør DEN"]
[Date "2008.07.22"]
[Round "5.67"]
[White "Nielsen, Jan Mose"]
[Black "Ronningen, Anders"]
[Result "1-0"]
[WhiteElo "2155"]
[BlackElo "1960"]
[PlyCount "61"]
[EventDate "2008.07.20"]
[EventType "swiss"]
[EventRounds "9"]
[EventCountry "DEN"]
[Source "lmi"]
[SourceDate "2008.07.20"]
[WhiteTeam "Taastrup"]
[BlackTeam "Kongsvinger"]

1. e4 e6 2. d4 d5 3. Nc3 dxe4 4. Nxe4 Nf6 5. Nxf6+ gxf6 6. Bf4 Bd6 7. Qf3 Bxf4
8. Qxf4 b6 9. O-O-O Bb7 10. d5 Qe7 11. dxe6 fxe6 12. Bb5+ c6 13. Be2 h5 14. Nf3
Nd7 15. Nh4 e5 16. Qg3 Qh7 17. Qa3 a5 18. Bd3 Qh6+ 19. Kb1 O-O-O 20. Nf5 Qf8
21. Qd6 Qxd6 22. Nxd6+ Kc7 23. Nf7 Rdf8 24. Nxh8 Rxh8 25. Bf5 Nb8 26. Rd3 c5
27. Rg3 Nc6 28. Rg7+ Kb8 29. c3 Na7 30. Rd1 Bc6 31. Rd6 1-0

[Event "Politiken Cup 2008"]
[Site "Helsingør DEN"]
[Date "2008.07.22"]
[Round "5.68"]
[White "Nielsen, Lasse Simoni"]
[Black "Peschardt, Soren"]
[Result "0-1"]
[WhiteElo "1888"]
[BlackElo "2137"]
[PlyCount "96"]
[EventDate "2008.07.20"]
[EventType "swiss"]
[EventRounds "9"]
[EventCountry "DEN"]
[Source "lmi"]
[SourceDate "2008.07.20"]
[WhiteTeam "Jetsmark"]
[BlackTeam "BMS"]

1. e4 c5 2. Nc3 Nc6 3. g3 g6 4. Bg2 Bg7 5. d3 e6 6. Nge2 Nge7 7. O-O O-O 8. Bg5
h6 9. Be3 d6 10. Qd2 Kh7 11. Nd1 Nd4 12. c3 Nxe2+ 13. Qxe2 b6 14. f4 Bb7 15.
Nf2 Qd7 16. d4 cxd4 17. cxd4 Rac8 18. Rfd1 Rc7 19. g4 Rfc8 20. Bh3 Rc2 21. Rd2
Rxd2 22. Qxd2 Qc6 23. Rd1 a5 24. Qe2 Qc2 25. Qb5 Qc6 26. Qe2 Qc4 27. Qxc4 Rxc4
28. Rd2 Rc1+ 29. Bf1 Re1 30. Re2 Ra1 31. Rd2 Rxa2 32. d5 exd5 33. Bxb6 Rxb2 34.
Rxb2 Bxb2 35. Bxa5 dxe4 36. Bb4 Nc8 37. f5 Bd4 38. Be2 Kg7 39. fxg6 fxg6 40.
Kf1 Be5 41. h3 Kf6 42. Ba5 d5 43. Bb5 Ke6 44. Be8 g5 45. Bb4 Nd6 46. Bg6 Ba6+
47. Kg2 Be2 48. Bxd6 Bf3+ 0-1

[Event "Politiken Cup 2008"]
[Site "Helsingør DEN"]
[Date "2008.07.22"]
[Round "5.69"]
[White "Schou-Moldt, Thomas"]
[Black "Moller, Arne"]
[Result "0-1"]
[WhiteElo "2136"]
[BlackElo "1943"]
[PlyCount "80"]
[EventDate "2008.07.20"]
[EventType "swiss"]
[EventRounds "9"]
[EventCountry "DEN"]
[Source "lmi"]
[SourceDate "2008.07.20"]
[WhiteTeam "Allerød"]
[BlackTeam "Amager"]

1. e4 c5 2. Nf3 d6 3. d4 cxd4 4. Nxd4 Nf6 5. Nc3 a6 6. Bg5 e6 7. f4 Be7 8. Qf3
Qc7 9. O-O-O Nc6 10. Kb1 Bd7 11. f5 Ne5 12. Qh3 Qc8 13. Be2 O-O 14. Rhf1 b5 15.
a3 Rb8 16. Bc1 b4 17. axb4 d5 18. exd5 exd5 19. Nb3 Bxb4 20. Nxd5 Nxd5 21. Rxd5
Re8 22. g4 Bc6 23. Rdd1 a5 24. Nd4 Be4 25. Qb3 Bc3 26. Nb5 Bb4 27. Rf4 a4 28.
Qxa4 Ra8 29. Nd6 Bxc2+ 30. Qxc2 Ra1+ 31. Kxa1 Qxc2 32. Nxe8 Qxe2 33. Rfd4 Nc6
34. Nf6+ gxf6 35. Rd5 Kg7 36. g5 Be7 37. h4 Qa6+ 38. Kb1 Nb4 39. gxf6+ Bxf6 40.
Rg1+ Kh8 0-1

[Event "Politiken Cup 2008"]
[Site "Helsingør DEN"]
[Date "2008.07.22"]
[Round "5.71"]
[White "Eriksson, Christian"]
[Black "Suntharaligam, Jathavan"]
[Result "0-1"]
[WhiteElo "2127"]
[BlackElo "1929"]
[PlyCount "64"]
[EventDate "2008.07.20"]
[EventType "swiss"]
[EventRounds "9"]
[EventCountry "DEN"]
[Source "lmi"]
[SourceDate "2008.07.20"]
[WhiteTeam "Hørsholm"]
[BlackTeam "OSS"]

1. e4 c5 2. Nf3 e6 3. c3 d5 4. exd5 exd5 5. d4 Nc6 6. Bb5 Bd6 7. dxc5 Bxc5 8.
O-O Nge7 9. Nbd2 O-O 10. Nb3 Bd6 11. Bg5 a6 12. Bxc6 bxc6 13. Re1 Qc7 14. h3 h6
15. Be3 Rb8 16. Qd2 c5 17. Nc1 Rd8 18. Ne2 Bb7 19. Bf4 d4 20. cxd4 Bxf3 21.
gxf3 Ng6 22. Bg3 cxd4 23. Kg2 d3 24. Rac1 Qb7 25. Nf4 Bxf4 26. Bxf4 Nh4+ 27.
Kg3 Qxf3+ 28. Kxh4 g5+ 29. Bxg5 Rd4+ 30. Bf4 Rxf4+ 31. Qxf4 Qxf4+ 32. Kh5 Qg5#
0-1

[Event "Politiken Cup 2008"]
[Site "Helsingør DEN"]
[Date "2008.07.22"]
[Round "5.72"]
[White "Brondum, Eric"]
[Black "Van Der Grinten, Bas"]
[Result "0-1"]
[WhiteElo "2126"]
[BlackElo "1921"]
[PlyCount "62"]
[EventDate "2008.07.20"]
[EventType "swiss"]
[EventRounds "9"]
[EventCountry "DEN"]
[Source "lmi"]
[SourceDate "2008.07.20"]
[WhiteTeam "K41"]
[BlackTeam "Venlose"]

1. Nf3 Nf6 2. g3 g6 3. Bg2 Bg7 4. O-O O-O 5. d4 d6 6. c4 Nbd7 7. Nc3 e5 8. e4
exd4 9. Nxd4 Re8 10. h3 Nc5 11. Re1 a5 12. b3 Nfd7 13. Be3 Ne5 14. Bf1 Bd7 15.
f4 Nc6 16. Bf2 g5 17. f5 Be5 18. Nd5 Nb4 19. Nf3 Bxa1 20. Qxa1 Nxd5 21. Bxc5
Nb4 22. Bxb4 axb4 23. Bd3 f6 24. h4 g4 25. Nh2 h5 26. Nf1 Qe7 27. Ne3 c6 28. c5
d5 29. exd5 cxd5 30. Kh2 Qe5 31. Nc2 Qc3 0-1

[Event "Politiken Cup 2008"]
[Site "Helsingør DEN"]
[Date "2008.07.22"]
[Round "5.73"]
[White "Rasmussen, Uffe"]
[Black "Sørensen, Svend Erik Forby"]
[Result "1-0"]
[WhiteElo "2123"]
[BlackElo "1911"]
[PlyCount "53"]
[EventDate "2008.07.20"]
[EventType "swiss"]
[EventRounds "9"]
[EventCountry "DEN"]
[Source "lmi"]
[SourceDate "2008.07.20"]
[WhiteTeam "Odysseus"]
[BlackTeam "Ålgårde"]

1. e4 c5 2. Nc3 d6 3. f4 Nc6 4. Nf3 e6 5. Bb5 Bd7 6. O-O a6 7. Bxc6 bxc6 8. d3
Be7 9. Kh1 Rb8 10. Qe1 d5 11. Qg3 g6 12. f5 d4 13. fxg6 hxg6 14. Ne2 Rb7 15.
Ne5 Bh4 16. Qf3 Bf6 17. Bg5 Rh5 18. Nxd7 Qxd7 19. Bxf6 Qc7 20. h3 Rxb2 21. Rfc1
Qa5 22. Ng3 Rh7 23. e5 Kd7 24. Ne4 Rxa2 25. Rab1 Kc7 26. Nd6 Nxf6 27. Rb7+ 1-0

[Event "Politiken Cup 2008"]
[Site "Helsingør DEN"]
[Date "2008.07.22"]
[Round "5.74"]
[White "Johansen, Stian"]
[Black "De Coninck, Rafael"]
[Result "0-1"]
[WhiteElo "1905"]
[BlackElo "2121"]
[PlyCount "64"]
[EventDate "2008.07.20"]
[EventType "swiss"]
[EventRounds "9"]
[EventCountry "DEN"]
[Source "lmi"]
[SourceDate "2008.07.20"]
[WhiteTeam "Frederiksstad"]
[BlackTeam "TSM Schaakclub"]

1. e4 e5 2. Nf3 Nc6 3. Bb5 a6 4. Ba4 Nf6 5. O-O Be7 6. Re1 b5 7. Bb3 d6 8. c3
O-O 9. h3 Nd7 10. d4 Bf6 11. d5 Na5 12. Bc2 Nb6 13. a4 bxa4 14. Bxa4 Nxa4 15.
Qxa4 Nb7 16. Qc6 a5 17. b4 Rb8 18. Be3 axb4 19. cxb4 Qd7 20. Ba7 Ra8 21. b5
Qxc6 22. bxc6 Nc5 23. Nbd2 Nd3 24. Re3 Nf4 25. Rb3 Bd8 26. Rb8 Rxb8 27. Bxb8 f5
28. Ra7 fxe4 29. Bxc7 Bxc7 30. Nxe4 Nxd5 31. Nfd2 Bf5 32. f3 Bb6+ 0-1

[Event "Politiken Cup 2008"]
[Site "Helsingør DEN"]
[Date "2008.07.22"]
[Round "5.75"]
[White "Nielsen, Torkil"]
[Black "Jensen, Niels Christian"]
[Result "1/2-1/2"]
[WhiteElo "2118"]
[BlackElo "1903"]
[PlyCount "80"]
[EventDate "2008.07.20"]
[EventType "swiss"]
[EventRounds "9"]
[EventCountry "DEN"]
[Source "lmi"]
[SourceDate "2008.07.20"]
[WhiteTeam "Sandavags Talvfelag"]
[BlackTeam "AS04"]

1. e4 e5 2. Nf3 Nc6 3. Bc4 Nf6 4. Ng5 d5 5. exd5 Na5 6. Bb5+ c6 7. dxc6 bxc6 8.
Qf3 Rb8 9. Be2 Bd6 10. Nc3 O-O 11. d3 Bb7 12. O-O Be7 13. Qg3 Bc8 14. Kh1 Re8
15. a3 c5 16. b3 Nc6 17. Be3 Nd4 18. Bxd4 cxd4 19. Nce4 Nxe4 20. Nxe4 Bh4 21.
Qf3 f5 22. Nd2 g6 23. Qh3 e4 24. dxe4 fxe4 25. Bg4 e3 26. fxe3 dxe3 27. Nf3 e2
28. Nxh4 exf1=Q+ 29. Rxf1 Qd4 30. Bxc8 Rbxc8 31. c4 Rcd8 32. Nf3 Qe3 33. Qh4
Rf8 34. Re1 Qf4 35. Qf2 Rd7 36. h3 Rfd8 37. Qc2 Rd3 38. c5 Rxf3 39. gxf3 Qxf3+
40. Qg2 Qxb3 1/2-1/2

[Event "Politiken Cup 2008"]
[Site "Helsingør DEN"]
[Date "2008.07.22"]
[Round "5.76"]
[White "Haubro, Sigfred"]
[Black "Lund, Per"]
[Result "1/2-1/2"]
[WhiteElo "2114"]
[BlackElo "1878"]
[PlyCount "64"]
[EventDate "2008.07.20"]
[EventType "swiss"]
[EventRounds "9"]
[EventCountry "DEN"]
[Source "lmi"]
[SourceDate "2008.07.20"]
[WhiteTeam "BMS"]
[BlackTeam "Frederiksund"]

1. e4 e5 2. Nf3 Nf6 3. Nc3 Bb4 4. Bc4 d6 5. h3 O-O 6. d3 h6 7. O-O c6 8. a3 Ba5
9. b4 Bc7 10. Re1 Qe7 11. d4 Be6 12. Bxe6 Qxe6 13. d5 Qe7 14. Nh4 cxd5 15. Nf5
Qe6 16. Nxd5 Nxd5 17. Qxd5 Qxd5 18. exd5 Nd7 19. c4 Kh7 20. Bb2 g6 21. Ne3 f5
22. Rac1 f4 23. Nf1 g5 24. c5 Rae8 25. c6 bxc6 26. dxc6 Nf6 27. Nd2 h5 28. Nc4
Re6 29. Rcd1 Rfe8 30. Nd2 g4 31. h4 d5 32. Rc1 g3 1/2-1/2

[Event "Politiken Cup 2008"]
[Site "Helsingør DEN"]
[Date "2008.07.22"]
[Round "5.77"]
[White "Dalberg, Preben"]
[Black "Kelder, Sjoerd"]
[Result "1-0"]
[WhiteElo "2097"]
[BlackElo "1798"]
[PlyCount "71"]
[EventDate "2008.07.20"]
[EventType "swiss"]
[EventRounds "9"]
[EventCountry "DEN"]
[Source "lmi"]
[SourceDate "2008.07.20"]
[WhiteTeam "Holbæk"]
[BlackTeam "HSV de Eenhoorn"]

1. c4 Nf6 2. Nc3 e6 3. d4 d5 4. cxd5 exd5 5. Bg5 Be7 6. e3 c6 7. Qc2 Bg4 8. f3
Bh5 9. Bh4 Bg6 10. Qd2 O-O 11. Nh3 Re8 12. Bf2 c5 13. Be2 Nc6 14. Nf4 cxd4 15.
exd4 Rc8 16. O-O Bb4 17. Rac1 Na5 18. Nxg6 hxg6 19. Bb5 Re7 20. Bh4 Rec7 21.
Rfe1 Qf8 22. Bg3 Bxc3 23. bxc3 Re7 24. Re5 Rxe5 25. dxe5 Qc5+ 26. Bf2 Qxb5 27.
exf6 gxf6 28. Qf4 Kg7 29. Bd4 Rc6 30. g4 Qd3 31. g5 Qf5 32. Bxf6+ Kg8 33. Re1
Rxf6 34. Re8+ Kg7 35. gxf6+ Kxf6 36. Qd4+ 1-0

[Event "Politiken Cup 2008"]
[Site "Helsingør DEN"]
[Date "2008.07.22"]
[Round "5.78"]
[White "Fjellengen, Baard"]
[Black "Jensen, Michael Agermose"]
[Result "1/2-1/2"]
[WhiteElo "1900"]
[BlackElo "2096"]
[PlyCount "82"]
[EventDate "2008.07.20"]
[EventType "swiss"]
[EventRounds "9"]
[EventCountry "DEN"]
[Source "lmi"]
[SourceDate "2008.07.20"]
[WhiteTeam "Sarpsborg"]
[BlackTeam "FREM"]

1. d4 d6 2. c4 f5 3. Nc3 Nf6 4. Nf3 g6 5. Qc2 Nc6 6. a3 Bg7 7. d5 Ne5 8. Nxe5
dxe5 9. e4 e6 10. Bg5 h6 11. Bxf6 Bxf6 12. O-O-O Qe7 13. d6 cxd6 14. Nb5 O-O
15. Nxd6 Rd8 16. c5 b6 17. Bc4 Kh7 18. exf5 exf5 19. Bd5 bxc5 20. Bxa8 Rxd6 21.
Rxd6 Qxd6 22. Rd1 Qb6 23. Qc4 e4 24. b3 Qa5 25. a4 Ba6 26. Rd7+ Kh8 27. Qc2
Qe1+ 28. Rd1 Qb4 29. Rd6 Bd3 30. Rxd3 exd3 31. Qxd3 Qe1+ 32. Kc2 Qxf2+ 33. Qd2
Qxd2+ 34. Kxd2 Kg7 35. Ke2 Kf7 36. Bd5+ Ke7 37. Kf3 g5 38. g4 Kd6 39. Bf7 Ke5
40. h3 Be7 41. Bc4 Kf6 1/2-1/2

[Event "Politiken Cup 2008"]
[Site "Helsingør DEN"]
[Date "2008.07.22"]
[Round "5.79"]
[White "Schmied, Andreas"]
[Black "Berth, Mikkel Knoth"]
[Result "1-0"]
[WhiteElo "2089"]
[BlackElo "1566"]
[PlyCount "89"]
[EventDate "2008.07.20"]
[EventType "swiss"]
[EventRounds "9"]
[EventCountry "DEN"]
[Source "lmi"]
[SourceDate "2008.07.20"]
[WhiteTeam "SV Vimbuch"]
[BlackTeam "Brønshøj"]

1. d4 Nf6 2. c4 c6 3. Nc3 d5 4. Nf3 e6 5. Bg5 Be7 6. e3 a6 7. Rc1 Qa5 8. cxd5
exd5 9. Qc2 Bg4 10. Ne5 Bh5 11. Bd3 Bg6 12. Nxg6 hxg6 13. a3 Qc7 14. Bxf6 gxf6
15. Nxd5 Qa5+ 16. Nc3 Nd7 17. Qa4 Qg5 18. Be4 f5 19. Bf3 Kf8 20. Ne2 Kg7 21.
Qb3 Rab8 22. g3 Nf6 23. Nf4 Bd6 24. h4 Qh6 25. Nh3 Rhe8 26. Ng5 Re7 27. Kf1
Rbe8 28. Kg2 Ng4 29. Nh3 f6 30. Nf4 Qh8 31. d5 Bxf4 32. exf4 cxd5 33. Qxd5 Rd8
34. Qc5 Qe8 35. Rc2 Red7 36. Rhc1 Qe6 37. Re2 Qf7 38. Rce1 Kg8 39. Re7 Qf8 40.
Qc4+ Kh8 41. R7e2 b5 42. Qc6 Rd6 43. Qc2 Rc8 44. Qb1 Rd7 45. Bxg4 1-0

[Event "Politiken Cup 2008"]
[Site "Helsingør DEN"]
[Date "2008.07.22"]
[Round "5.81"]
[White "Nielsen, Palle"]
[Black "Mangelschots, Peter"]
[Result "1/2-1/2"]
[WhiteElo "1864"]
[BlackElo "2069"]
[PlyCount "64"]
[EventDate "2008.07.20"]
[EventType "swiss"]
[EventRounds "9"]
[EventCountry "DEN"]
[Source "lmi"]
[SourceDate "2008.07.20"]
[WhiteTeam "Ålsgårde"]
[BlackTeam "TSM Schaakclub"]

1. e4 e6 2. d4 d5 3. Nc3 Nf6 4. e5 Nfd7 5. f4 c5 6. Nf3 a6 7. Be3 Qb6 8. Rb1
Nc6 9. Be2 Qa7 10. O-O b5 11. f5 Ndxe5 12. dxe5 d4 13. Nxb5 axb5 14. Bxb5 Qb6
15. Bxc6+ Qxc6 16. Bf2 Be7 17. fxe6 Bxe6 18. a3 O-O 19. Bh4 Bxh4 20. Nxh4 Rfe8
21. Nf3 Rad8 22. Qd2 Qd5 23. Qf4 h6 24. Rbd1 Qa2 25. Qc1 Rc8 26. Rf2 Bg4 27.
Re1 Rb8 28. c3 d3 29. Re3 Red8 30. h3 Be6 31. Rd2 Bf5 32. g4 Bh7 1/2-1/2

[Event "Politiken Cup 2008"]
[Site "Helsingør DEN"]
[Date "2008.07.22"]
[Round "5.82"]
[White "Nielsen, Rogvi Egilstoft"]
[Black "Preuss, Flemming"]
[Result "1/2-1/2"]
[WhiteElo "1864"]
[BlackElo "2059"]
[PlyCount "176"]
[EventDate "2008.07.20"]
[EventType "swiss"]
[EventRounds "9"]
[EventCountry "DEN"]
[Source "lmi"]
[SourceDate "2008.07.20"]
[BlackTeam "Næstved"]

1. e4 e5 2. Nf3 d6 3. Bc4 Be7 4. O-O Nf6 5. d3 c6 6. c3 O-O 7. Bg5 Bg4 8. h3
Bh5 9. Bxf6 Bxf6 10. Nbd2 Nd7 11. Qc2 b5 12. Bb3 Nc5 13. Nh2 Qb6 14. Ng4 Be7
15. g3 a5 16. a3 Nxb3 17. Qxb3 a4 18. Qc2 Bg6 19. Kg2 f5 20. exf5 Bxf5 21. Rae1
Rf7 22. Ne4 Raf8 23. Ne3 Be6 24. g4 g6 25. Qe2 d5 26. Ng3 Bd6 27. f3 Qc7 28.
Nh1 Rf4 29. d4 exd4 30. Nc2 Bd7 31. Nxd4 Re8 32. Qd3 Rff8 33. Rxe8 Rxe8 34. Rf2
Bf4 35. Re2 Re5 36. Nf2 Qd6 37. Qd1 c5 38. Rxe5 Bxe5 39. Nc2 Bh2 40. Nh1 Bc6
41. Qe1 Be5 42. Nf2 Qf6 43. Nd3 Bd6 44. Qf2 Qe7 45. Kf1 Kf7 46. f4 Qe4 47. Ne5+
Bxe5 48. fxe5+ Ke8 49. Qf6 d4 50. cxd4 cxd4 51. Nxd4 Qb1+ 52. Kf2 Qxb2+ 53. Ne2
Qc2 54. Qe6+ Kd8 55. Qd6+ Kc8 56. e6 Qe4 57. Qf8+ Kb7 58. e7 Kb6 59. h4 h5 60.
gxh5 gxh5 61. Qf6 Kc5 62. Ke1 b4 63. axb4+ Qxb4+ 64. Kd1 Qe4 65. Nc3 Qd3+ 66.
Kc1 Qe3+ 67. Kc2 Bd7 68. Qf7 Qe5 69. Qf2+ Kd6 70. Qd2+ Kxe7 71. Qe2 Ke6 72.
Qxe5+ Kxe5 73. Ne2 Kf5 74. Ng3+ Kg4 75. Nxh5 Kxh5 76. Kb2 Kxh4 77. Ka2 Kg4 78.
Ka1 Kf3 79. Ka2 Ke3 80. Kb2 Kd2 81. Kb1 Kc3 82. Ka1 Kb3 83. Kb1 a3 84. Ka1 Bb5
85. Kb1 Bd3+ 86. Ka1 Bb1 87. Kxb1 a2+ 88. Ka1 Ka3 1/2-1/2

[Event "Politiken Cup 2008"]
[Site "Helsingør DEN"]
[Date "2008.07.22"]
[Round "5.83"]
[White "Bandke, Martin"]
[Black "Christensen, Esben"]
[Result "1/2-1/2"]
[WhiteElo "1835"]
[BlackElo "2041"]
[PlyCount "40"]
[EventDate "2008.07.20"]
[EventType "swiss"]
[EventRounds "9"]
[EventCountry "DEN"]
[Source "lmi"]
[SourceDate "2008.07.20"]
[WhiteTeam "SC Leinfelden"]
[BlackTeam "Brønshøj"]

1. e4 c5 2. c3 Nf6 3. e5 Nd5 4. Nf3 b6 5. d4 cxd4 6. cxd4 e6 7. Bd3 Bb7 8. O-O
d6 9. Bg5 Be7 10. Bxe7 Qxe7 11. Nbd2 Nd7 12. Ne4 dxe5 13. dxe5 O-O 14. Rc1 Rfd8
15. Qa4 f5 16. exf6 gxf6 17. Rfe1 Kh8 18. Bb5 Nf8 19. Bc6 Bxc6 20. Rxc6 Nb4
1/2-1/2

[Event "Politiken Cup 2008"]
[Site "Helsingør DEN"]
[Date "2008.07.22"]
[Round "5.84"]
[White "Hansen, Mads"]
[Black "Nielsen, Hogni Eigilstoft"]
[Result "1-0"]
[WhiteElo "2041"]
[BlackElo "1507"]
[PlyCount "51"]
[EventDate "2008.07.20"]
[EventType "swiss"]
[EventRounds "9"]
[EventCountry "DEN"]
[Source "lmi"]
[SourceDate "2008.07.20"]
[WhiteTeam "Frem"]
[BlackTeam "Sandavags Talvfelag"]

1. e4 e5 2. Nf3 Nc6 3. Bb5 a6 4. Ba4 Nf6 5. O-O Nxe4 6. d4 b5 7. Bb3 d5 8. dxe5
Be6 9. Nbd2 Nxd2 10. Qxd2 Ne7 11. Rd1 c6 12. c3 Ng6 13. Qe2 Bc5 14. Nd4 Bxd4
15. cxd4 O-O 16. Bd2 a5 17. Rac1 Rc8 18. Rc5 f5 19. Rdc1 f4 20. Rxc6 Rxc6 21.
Rxc6 f3 22. Qxb5 fxg2 23. Rxe6 Qh4 24. Qe2 Qh3 25. Bxd5 Nh4 26. Re8+ 1-0

[Event "Politiken Cup 2008"]
[Site "Helsingør DEN"]
[Date "2008.07.22"]
[Round "5.85"]
[White "Hjornevik, Asbjorn"]
[Black "Ramme, Christoph"]
[Result "1/2-1/2"]
[WhiteElo "1000"]
[BlackElo "2041"]
[PlyCount "121"]
[EventDate "2008.07.20"]
[EventType "swiss"]
[EventRounds "9"]
[EventCountry "DEN"]
[Source "lmi"]
[SourceDate "2008.07.20"]
[WhiteTeam "Sandness"]
[BlackTeam "SK Marmsdorf"]

1. e4 c5 2. Nf3 d6 3. c3 Nf6 4. Be2 g6 5. O-O Bg7 6. d3 O-O 7. h3 c4 8. d4 Nxe4
9. Bxc4 d5 10. Bd3 Nd6 11. Qb3 e6 12. Bf4 Re8 13. Nbd2 Nc6 14. Rfe1 a6 15. Ne5
Nxe5 16. Bxe5 b5 17. Bxd6 Qxd6 18. Nf3 Bb7 19. Ne5 Bxe5 20. Rxe5 Reb8 21. a3 a5
22. Ree1 Kg7 23. g3 Bc6 24. Kh2 b4 25. axb4 axb4 26. Rxa8 Bxa8 27. Qc2 Bc6 28.
Ra1 Bb5 29. Bxb5 Rxb5 30. Qe2 Qb6 31. Qe5+ f6 32. Qe3 bxc3 33. bxc3 Rb2 34. Kg1
e5 35. dxe5 Qxe3 36. exf6+ Kxf6 37. fxe3 Re2 38. Rc1 Rxe3 39. Kf2 Re6 40. Rd1
Ke5 41. Ke3 Rc6 42. Kd3 Rf6 43. Ke3 Ra6 44. Kd3 Ra2 45. Re1+ Kd6 46. Re2 Rxe2
47. Kxe2 Kc5 48. Kd3 h6 49. Kd2 g5 50. Kd3 h5 51. Ke3 Kc4 52. Kd2 g4 53. hxg4
hxg4 54. Kc2 Kb5 55. Kd2 Kc4 56. Kc2 d4 57. cxd4 Kxd4 58. Kd2 Ke4 59. Ke2 Kd4
60. Kd2 Ke4 61. Ke2 1/2-1/2

[Event "Politiken Cup 2008"]
[Site "Helsingør DEN"]
[Date "2008.07.22"]
[Round "5.86"]
[White "Hjornevik, Knut Jarle"]
[Black "Mejvik, Jacob"]
[Result "1-0"]
[WhiteElo "1645"]
[BlackElo "2015"]
[PlyCount "67"]
[EventDate "2008.07.20"]
[EventType "swiss"]
[EventRounds "9"]
[EventCountry "DEN"]
[Source "lmi"]
[SourceDate "2008.07.20"]
[WhiteTeam "Sandness"]
[BlackTeam "LASK"]

1. e4 Nf6 2. e5 Nd5 3. d4 d6 4. c4 Nb6 5. f4 Bf5 6. Nc3 g6 7. g4 Be6 8. d5 Bd7
9. Qd4 Bg7 10. h3 h5 11. Be3 hxg4 12. O-O-O Rh5 13. Qe4 Bf5 14. Qg2 gxh3 15.
Nxh3 dxe5 16. Be2 Rh8 17. Ng5 Rg8 18. c5 exf4 19. Bxf4 Bxc3 20. cxb6 Bg7 21.
bxc7 Qc8 22. Bc4 Nd7 23. d6 e6 24. Rhe1 b5 25. Nxe6 fxe6 26. Bxe6 Kf8 27. Bxd7
Bxd7 28. Qg5 Rh8 29. Re7 Rh5 30. Qxg6 Rc5+ 31. Kd2 Rc2+ 32. Ke3 Re2+ 33. Kxe2
Bg4+ 34. Kf2 1-0

[Event "Politiken Cup 2008"]
[Site "Helsingør DEN"]
[Date "2008.07.22"]
[Round "5.87"]
[White "Doran, Chris"]
[Black "Barene, Simon"]
[Result "1-0"]
[WhiteElo "2060"]
[BlackElo "1194"]
[PlyCount "71"]
[EventDate "2008.07.20"]
[EventType "swiss"]
[EventRounds "9"]
[EventCountry "DEN"]
[Source "lmi"]
[SourceDate "2008.07.20"]
[WhiteTeam "Chester"]
[BlackTeam "Sandness"]

1. e4 c5 2. Nf3 Nc6 3. d4 cxd4 4. Nxd4 g6 5. Be3 Bg7 6. Nc3 Nf6 7. Bc4 O-O 8.
Bb3 Ng4 9. Qxg4 Nxd4 10. Qd1 Nxb3 11. axb3 Bxc3+ 12. bxc3 Qc7 13. c4 b6 14. Bh6
Re8 15. Qd4 e5 16. Qd3 Bb7 17. O-O Qc6 18. f3 a5 19. Rfd1 Rad8 20. Bg5 f6 21.
Bh4 g5 22. Bf2 Ba6 23. Qe3 Re6 24. Rd5 Rc8 25. Rad1 Rc7 26. Qd2 Bc8 27. c5 bxc5
28. Rxc5 Qxc5 29. Bxc5 Rxc5 30. Ra1 Rec6 31. c4 Rb6 32. Rxa5 Rcc6 33. Ra8 Rxb3
34. Qxd7 Rb1+ 35. Kf2 Rb2+ 36. Kg3 1-0

[Event "Politiken Cup 2008"]
[Site "Helsingør DEN"]
[Date "2008.07.22"]
[Round "5.88"]
[White "Hansen, Henrik Damgaard"]
[Black "Eriksen, Terje"]
[Result "0-1"]
[WhiteElo "1893"]
[BlackElo "2190"]
[PlyCount "50"]
[EventDate "2008.07.20"]
[EventType "swiss"]
[EventRounds "9"]
[EventCountry "DEN"]
[Source "lmi"]
[SourceDate "2008.07.20"]
[WhiteTeam "Hillerød"]
[BlackTeam "Drammen"]

1. e4 c6 2. d4 d5 3. e5 Bf5 4. Nc3 e6 5. g4 Bg6 6. Nge2 c5 7. Nf4 Nc6 8. Nxg6
hxg6 9. Bb5 cxd4 10. Qxd4 Nge7 11. Bg5 a6 12. Bxc6+ Nxc6 13. Qd2 Nxe5 14. O-O-O
Nf3 15. Bxd8 Nxd2 16. Bc7 Nc4 17. b3 Nd6 18. Rhe1 Kd7 19. Bb6 Rxh2 20. Na4 Be7
21. Bd4 Kc6 22. Nc5 Nb5 23. Nxe6 fxe6 24. Bxg7 Ba3+ 25. Kb1 Re8 0-1

[Event "Politiken Cup 2008"]
[Site "Helsingør DEN"]
[Date "2008.07.22"]
[Round "5.90"]
[White "Lindgren, Philip"]
[Black "Petkidis, Anthony"]
[Result "1/2-1/2"]
[WhiteElo "1876"]
[BlackElo "2073"]
[PlyCount "140"]
[EventDate "2008.07.20"]
[EventType "swiss"]
[EventRounds "9"]
[EventCountry "DEN"]
[Source "lmi"]
[SourceDate "2008.07.20"]
[WhiteTeam "Limhamn"]
[BlackTeam "Hsk Post Hannover"]

1. d4 f5 2. Nf3 Nf6 3. g3 g6 4. Bg2 Bg7 5. O-O O-O 6. c4 d6 7. Nc3 Nc6 8. d5
Ne5 9. Nxe5 dxe5 10. c5 h6 11. Qb3 Kh8 12. Rd1 a6 13. Bd2 Rb8 14. Na4 Bd7 15.
Bb4 b6 16. c6 Bc8 17. Rac1 Ne8 18. Ba5 Ra8 19. Nxb6 Rb8 20. Qe3 cxb6 21. c7
Nxc7 22. Bxb6 Nxd5 23. Bxd8 Nxe3 24. fxe3 Be6 25. Bxe7 Rfe8 26. Ba3 Bxa2 27.
Rd6 Bf7 28. Rc7 Bf8 29. Rxa6 Kg8 30. Raa7 Be6 31. Rh7 e4 32. g4 Bxa3 33. bxa3
Rb3 34. Kf2 f4 35. Bxe4 Rxe3 36. Bxg6 Rc8 37. Bd3 Bc4 38. Rag7+ Kf8 39. Rh8+
Kxg7 40. Rxc8 Bxd3 41. exd3 Rxd3 42. a4 Ra3 43. Rc4 f3 44. h4 Kg6 45. Rc6+ Kg7
46. Ra6 Kh7 47. a5 Kg7 48. Ra7+ Kg8 49. a6 Kh8 50. Ra8+ Kh7 51. a7 Kg7 52. g5
hxg5 53. hxg5 Kh7 54. g6+ Kg7 55. Kg3 f2+ 56. Kxf2 Ra2+ 57. Ke3 Ra3+ 58. Kd4
Ra1 59. Kc3 Ra2 60. Kb3 Ra1 61. Kc4 Rc1+ 62. Kd4 Rd1+ 63. Ke3 Re1+ 64. Kf3 Rf1+
65. Ke2 Ra1 66. Rb8 Rxa7 67. Rb6 Ra5 68. Kf3 Rg5 69. Kf4 Rxg6 70. Rxg6+ Kxg6
1/2-1/2

[Event "Politiken Cup 2008"]
[Site "Helsingør DEN"]
[Date "2008.07.22"]
[Round "5.91"]
[White "Abrahamsson, Daniel"]
[Black "Nilsen, Kai"]
[Result "1-0"]
[WhiteElo "2040"]
[BlackElo "1914"]
[PlyCount "57"]
[EventDate "2008.07.20"]
[EventType "swiss"]
[EventRounds "9"]
[EventCountry "DEN"]
[Source "lmi"]
[SourceDate "2008.07.20"]
[WhiteTeam "Limhamns SK"]
[BlackTeam "Fredrikstad"]

1. d4 Nf6 2. Nf3 d5 3. c4 c6 4. e3 Bf5 5. Nc3 e6 6. Bd3 dxc4 7. Bxc4 Be7 8. O-O
O-O 9. Re1 Bg6 10. e4 b5 11. Bd3 a6 12. e5 Bxd3 13. exf6 Bxf6 14. Qxd3 c5 15.
Qe4 Nd7 16. Be3 cxd4 17. Bxd4 Bxd4 18. Qxd4 Nf6 19. Rad1 Qa5 20. a3 Rad8 21.
Qc5 Rc8 22. Qe5 Qb6 23. Ne4 Ng4 24. Qg3 f5 25. Nc3 a5 26. h3 Nf6 27. Rd6 Rc6
28. Rexe6 Rfc8 29. Rxf6 1-0